| 000 | 00715nam a22001817a 4500 | ||
|---|---|---|---|
| 999 |
_c11034 _d11034 |
||
| 003 | AR-CdUCM | ||
| 008 | 190402b ||||| |||| 00| 0 spa d | ||
| 040 |
_aMUNICIPALIDAD PROVINCIAL DEL CUSCO _cBIBLIOTECA MUNICIPAL DEL CUSCO |
||
| 082 |
_a372.4 / _bP77 / 1943 |
||
| 100 |
_aPonce, Aníbal, _92441 |
||
| 245 | _aProblemas de psicología infantil / | ||
| 260 |
_aBuenos Aires : _bEdit. El Ateneo, _c1943. |
||
| 300 |
_a182 paginas ; _c21 cm. |
||
| 505 | _aContenido : Las etapas de la evolución infantil -- Los movimientos impulsivos de preyer -- La percepción y la mano -- El neologismo y del lenguaje -- La imitación... | ||
| 650 |
_aPsicología del niño _95112 |
||
| 942 |
_2ddc _cLIBROS |
||
| 945 | _awnts | ||